Návrh chladiaceho a klimatizačného systému supermarketu s využitím akumulácie chladu

Salvato in:
Dettagli Bibliografici
Autore principale: Procházka, Oliver (Autore)
Altri autori: Masaryk, Michal (Relatore della tesi)
Natura: Manoscritto Libro
Lingua:slovacco
Pubblicazione: 2025
Soggetti:
Accesso online:http://is.stuba.sk/zp/portal_zp.pl?podrobnosti=185792
Tags: Aggiungi Tag
Nessun Tag, puoi essere il primo ad aggiungerne!!

MARC

LEADER 00000ntm a22000003a 4500
001 stuzp104138
003 SK-STU
005 20250621210301.0
007 ta
008 150427s2015----xo-----f-mn---000-0-slo-d
040 |a STU  |b slo 
041 0 |a slo 
100 1 |a Procházka, Oliver  |u 020060  |4 aut  |U SjF Strojnícka fakulta  |T SjF Ústav energetických strojov a zariadení  |X 104909  |U J0060  |Y 805  |7 104909 
242 0 1 |a Cooling and air-conditioning system for a supermarket utilizing accumulation of cold  |y eng 
245 1 0 |a Návrh chladiaceho a klimatizačného systému supermarketu s využitím akumulácie chladu 
260 |c 2025 
650 4 |a akumulácia chladu  |2 slo 
650 4 |a tepelná záťaž budovy  |2 slo 
650 4 |a návrh chladiaceho systému  |2 slo 
650 4 |a energetická optimalizácia  |2 slo 
650 4 |a energy optimization  |2 eng 
650 4 |a cold energy storage  |2 eng 
650 4 |a building thermal load  |2 eng 
650 4 |a cooling system design  |2 eng 
700 1 |a Masaryk, Michal  |u 020060  |k Z1  |4 ths  |U SjF Strojnícka fakulta  |T SjF Ústav energetických strojov a zariadení  |X 3392  |U J0060  |Y 805  |7 A000003392 
856 4 |u http://is.stuba.sk/zp/portal_zp.pl?podrobnosti=185792